| 000 | 00386nam a22001577a 4500 | ||
|---|---|---|---|
| 003 | OSt | ||
| 005 | 20240403153521.0 | ||
| 008 | 240403b |||||||| |||| 00| 0 eng d | ||
| 040 | _cCentral Library MRSPTU | ||
| 100 | _aOsho Rajneesh | ||
| 245 | _aFrom Sex to Superconsciousness | ||
| 250 | _a5th | ||
| 260 |
_aNew Delhi _bOrient Paperbacks _c1995 |
||
| 300 | _a157 | ||
| 942 |
_2ddc _cBK _n0 |
||
| 999 |
_c9973 _d9973 |
||